000
00320 a2200109 4500
001
ART_48483
005
20260410161631.0
008
260409a
245
1
0
_a
El estado de flijo de efectivo en moneda homogénea
100
1
_a
Torres, Carlos Federico
773
0
_t
Enfoques
_g
- N°2 (feb. 2019)
_w
REV416
999
_c
12445
_d
12445